Ugratás és irónia [absztrakt] /

Elmentve itt :
Bibliográfiai részletek
Szerző: Sitkei Dóra
Testületi szerző: VI. Eötvözet : Eötvös Collegium és az Eötvös Loránd Kollégium közös bölcsészkonferenciája
Dokumentumtípus: Könyv része
Megjelent: SZTE Eötvös Loránd Kollégium Szeged 2017
Sorozat:Acta Szegediensia Collegii de Rolando Eötvös Nominati : Eötvözet 6
Kulcsszavak:Kommunikáció - előadáskivonat, Nyelvészet - alkalmazott - előadáskivonat
Tárgyszavak:
Online Access:http://acta.bibl.u-szeged.hu/86473
LEADER 00965naa a2200217 i 4500
001 acta86473
005 20250218140604.0
008 250218s2017 hu o 100 hun d
022 |a 2062-8439 
040 |a SZTE Egyetemi Kiadványok Repozitórium  |b hun 
041 |a hun 
100 1 |a Sitkei Dóra 
245 1 0 |a Ugratás és irónia   |h [elektronikus dokumentum] :  |b [absztrakt] /  |c  Sitkei Dóra 
260 |a SZTE Eötvös Loránd Kollégium  |b Szeged  |c 2017 
300 |a 11 
490 0 |a Acta Szegediensia Collegii de Rolando Eötvös Nominati : Eötvözet  |v 6 
650 4 |a Bölcsészettudományok 
650 4 |a Nyelvek és irodalom 
695 |a Kommunikáció - előadáskivonat, Nyelvészet - alkalmazott - előadáskivonat 
711 |a VI. Eötvözet : Eötvös Collegium és az Eötvös Loránd Kollégium közös bölcsészkonferenciája  |c Szeged  |d 2017. április 7-8. 
856 4 0 |u http://acta.bibl.u-szeged.hu/86473/1/eotvozet_006_osszefoglalok_011.pdf  |z Dokumentum-elérés